| 000 | 00410cam a22001337a 4500 | ||
|---|---|---|---|
| 008 | 180718b1975 xxu||||| |||| 00| 0 eng d | ||
| 082 | _aI5 T156 | ||
| 100 | _aTandon, Prakash | ||
| 245 |
_aProfessional management in India: its potential and problems _cby Prakash Tandon |
||
| 260 |
_aLudhiana _bPunjab Agricultural University _c1975 |
||
| 300 | _a44p. | ||
| 650 | _aIndustrial management | ||
| 650 | _aManagement | ||
| 999 |
_c355242 _d355242 |
||